Cuadernos : aprovechamiento de la energía solar /
Guardado en:
| Autores Corporativos: | , |
|---|---|
| Formato: | Libro |
| Idioma: | Spanish |
| Publicado: |
[Argentina] :
Comité Argentino de Transferencia de Calor y Materia (CAMAT),
1982.
|
| Series: | Camat ;
14 |
| Materias: | |
| Etiquetas: |
Agregar Etiqueta
Sin Etiquetas, Sea el primero en etiquetar este registro!
|
| LEADER | 00921nam a22002175a 4500 | ||
|---|---|---|---|
| 001 | EIQ.libpla000456 | ||
| 008 | 060131s1982####ag#a#####b####100#0#spa#d | ||
| 005 | 20060516193159.0 | ||
| 245 | 1 | 0 | |a Cuadernos : |b aprovechamiento de la energía solar / |c Comité Argentino de Transferencia de Calor y Materia (CAMAT). |
| 260 | |a [Argentina] : |b Comité Argentino de Transferencia de Calor y Materia (CAMAT), |c 1982. | ||
| 300 | |a v, 174 p. : |b il. ; |c 29 cm. | ||
| 440 | 0 | |a Camat ; |v 14 | |
| 504 | |a Incluye referencias bibliograficas. | ||
| 022 | |a 0326-2731 | ||
| 111 | 2 | |a Seminario sobre Aprovechamiento de la Energía Solar |d (1982 : |c San Miguel, Buenos Aires) | |
| 710 | 2 | |a Comité Argentino de Transferencia de Calor y Materia (CAMAT) | |
| 246 | 1 | |a Cuadernos de Camat | |
| 650 | 4 | |a Energia solar |x Congresos. | |
| 650 | 4 | |a Solar energy |x Congresses. | |
| 040 | |a AR-BbSID |b spa |c AR-BbSID | ||
| 859 | |a AR-BbSID |b BIB. PLAPIQUI |h 536.2 |i C 735 |p 3479 | ||
